| 000 | 01526nam a2200433 c 4500 | ||
|---|---|---|---|
| 999 |
_c51502 _d51502 |
||
| 001 | 51502 | ||
| 003 | ES-MaCES | ||
| 005 | 20200819124923.0 | ||
| 008 | 200819s2020 sp 000 | spa d | ||
| 017 |
_aV 3623-2019 _bDL |
||
| 020 | _a9788413361437 | ||
| 040 |
_aES-MaCES _bspa _cES-MaCES |
||
| 100 | 1 |
_96104 _aÁlvarez Alonso, Diego |
|
| 245 | 1 | 0 |
_aRepresentación y participación de los trabajadores en la empresa _b: estudio de Jurisprudencia y perspectivas de futuro _cDiego Álvarez Alonso |
| 260 |
_aValencia _bTirant lo Blanch _c2020 |
||
| 300 |
_a141 p. _c21 cm |
||
| 490 | 1 |
_aTirant lo Blanch laboral _v261 |
|
| 500 | _aJurisprudencia: p.127-131 | ||
| 504 | _aBibliografía: p. 133-141 | ||
| 541 | _cCompra | ||
| 650 | 4 |
_928379 _arepresentación de los trabajadores |
|
| 650 | 4 |
_928374 _arepresentante de los trabajadores |
|
| 650 | 4 |
_928912 _acomité de empresa |
|
| 650 | 4 |
_928377 _asindicato |
|
| 650 | 4 |
_928378 _aparticipación de los trabajadores |
|
| 650 | 4 |
_929540 _adivulgación de la información |
|
| 650 | 4 |
_928362 _anegociación colectiva |
|
| 650 | 4 |
_928369 _arelaciones laborales |
|
| 650 | 4 |
_927165 _aderecho del trabajo |
|
| 650 | 4 |
_929863 _aderecho jurisprudencial |
|
| 650 | 4 |
_929866 _aderecho comunitario |
|
| 650 | 4 |
_926752 _aUE |
|
| 650 | 4 |
_926964 _aEspaña |
|
| 650 | 4 |
_arégimen jurídico _929894 |
|
| 653 | 1 | 0 | _aDerecho del trabajo y Seguridad Social |
| 830 | 0 |
_aLaboral (Tirant lo Blanch (Firma)) _v261 _932672 |
|
| 902 | _aLIB Libro | ||
| 942 |
_2CES _cBK _h6.0.1. |
||